000 00142nam a22000857a 4500
082 _a823
100 _aLADYBIRD
245 _aHERCULES
942 _cBK
999 _c8290
_d8290